000 00511nam a2200145Ia 4500
008 210430s9999 xx 000 0 und d
020 _a0-8247-0009-0
082 _a660.6 N338 N
100 _aRaghavachari, Ramesh.
_952801
245 _aNear-infrared applications in biotechnology /
_cRaghavachari, Ramesh.
_b(practical spectroscopy series V-25)
260 _a[S.l.] :
_bCRC Press,
_c2001
300 _a382 p. ;
856 _uhttp://www.amazon.com/exec/obidos/ASIN/0824700090/chopaconline-20
942 _2ddc
_cBK
999 _c562259
_d562259